| 000 | 00594nam a2200205Ia 4500 | ||
|---|---|---|---|
| 003 | GCL | ||
| 008 | 140319s9999 xx 000 0 ara d | ||
| 040 |
_aGCL / _cGCL |
||
| 082 | 0 | 4 |
_a327.2 _bم ن |
| 100 | 1 | _aمحمود خلف | |
| 245 | 1 | 0 |
_aالنظرية والممارسة الديبلوماسية / _cمحمود خلف |
| 300 | _a296 ص | ||
| 490 | _a | ||
| 650 | 0 | 4 | _aالملحقون السياسيون |
| 650 | 0 | 4 | _aالدبلوماسية |
| 650 | 0 | 4 | _aالسلك الدبلوماسى والقنصلى |
| 650 | 0 | 4 | _aالسفراء |
| 650 | 0 | 4 | _aالقناصل |
| 942 |
_2ddc _cBK |
||
| 999 |
_c37682 _d37682 |
||